| 000 | 00537nam a2200181 i 4500 | ||
|---|---|---|---|
| 001 | 99665 | ||
| 003 | ES-MaACL | ||
| 007 | t| | ||
| 008 | 050914s1985 sp ||||1| spa d | ||
| 020 | _a84-7162-968-2 | ||
| 100 | 1 |
_aMartínez de Aguirre y Aldaz, Carlos. _977973 |
|
| 245 | 1 | 3 |
_aLa promesa pública de recompensa / _cCarlos Martínez de Aguirre y Aldaz. |
| 250 | _a[1ª ed.]. | ||
| 260 |
_aBarcelona : _bBosch, _c1985. |
||
| 300 |
_a349 p. ; _c22 cm. |
||
| 504 | _aBibliografía: p. 333-341. | ||
| 852 |
_aES-MaACL _jL-8828 _bR.110389 |
||
| 999 |
_c99665 _d99665 |
||